| 000 | 00424nam a22001817a 4500 | ||
|---|---|---|---|
| 005 | 20260323152150.0 | ||
| 008 | 260323b |||||||| |||| 00| 0 eng d | ||
| 020 |
_a9789369412396 _c1895.00 |
||
| 040 | _aMAIN | ||
| 041 | _aEnglish | ||
| 082 |
_a530.12 _bDAS |
||
| 100 |
_aDas, Upamanyu _926547 |
||
| 245 | _aQuantum Physics | ||
| 260 |
_aNew Delhi _bOxford _c2026 |
||
| 300 | _a267 | ||
| 650 | _aPhysics | ||
| 942 | _cBK | ||
| 999 |
_c60557 _d60557 |
||